书目信息 |
| 题名: |
八路军事件人物录
|
|
| 作者: | 何理 编写 | |
| 分册: | ||
| 出版信息: | 上海 上海人民出版社 1988.10 |
|
| 页数: | 486页 | |
| 开本: | 20厘米 | |
| 丛书名: | ||
| 单 册: | ||
| 中图分类: | E297.3 | |
| 科图分类: | ||
| 主题词: | ||
| 电子资源: | ||
| ISBN: | 7-208-00171-5 | |
| 000 | 00667nam0 2200229 45 | |
| 001 | 0189029861 | |
| 005 | 20040422111113.2 | |
| 010 | @a7-208-00171-5@dCNY4.85 | |
| 020 | @aCN@b89029861 | |
| 100 | @a19911017d1988 m y0chiy0120 ea | |
| 101 | 0 | @achi |
| 102 | @aCN@b310000 | |
| 105 | @ay z 000yy | |
| 106 | @ar | |
| 200 | 10 | @a八路军事件人物录@Aba lu jun shi jian ren wu lu@f何 理等编写@Fhe li deng bian xie |
| 210 | @a上海@c上海人民出版社@d1988.10 | |
| 215 | @a486页@d20厘米 | |
| 540 | 1 | @a八路军 事件 人物@Aba lu jun shi jian ren wu |
| 690 | @aE297.3@v1980 | |
| 701 | 0 | @a何理@Ahe li@4编写 |
| 801 | 0 | @aCN@bNLC@c19911017 |
| 905 | @f1@b215892@dE297.3@e29 | |
| 八路军事件人物录/何 理等编写.-上海:上海人民出版社,1988.10 |
| 486页;20厘米 |
| ISBN 7-208-00171-5:CNY4.85 |
| ● |
| 相关链接 |
|
|
|
|
正题名:八路军事件人物录
索取号:E297.3/29
 
预约/预借
| 序号 | 登录号 | 条形码 | 馆藏地/架位号 | 状态 | 备注 |
| 1 | 0215892 | 001261075 | 第一借阅区/ [索取号:E297.3/29] | 在馆 | |
| 2 | 0215893 | 001261084 | 第一样本阅览室/ [索取号:E297.3/29] | 在馆 |